00359 2200121 4500001002100000005001500021035002400036090002300060245006500083260005600148300002100204990001200225YOGYA00000000005423020140823062225 0010-081400000053948 a899.2216 Sas C (2) aMANTRI Jero 2cR. Memed Sastrahadiprawira Haksan Wirasutisna ajakartabDepartemen Pendidikan dan kebudayaanc1980 a143 hlm,c25 cm. a56958-a